000 00276nam a22001097a 4500
008 230620b xxu||||| |||| 00| 0 eng d
082 _a321.02
_bSHE 1982
245 _aThe State and Nations in the USSR
260 _bProgress Publishers
_c1982
300 _a207p
942 _2ddc
_cBK
999 _c1811
_d1811